000 01203nas a2200397 4500
001 BR2016002590
003 BR-BrBNA
005 20231205130447.0
007 ta
008 230509b bl.|||p| |||| 00| 00por d
040 _aBR-BrBNA
_bpor
_cBiblioteca Nacional de Agricultura
041 _a(En)
072 _aH10
100 1 _aVolpato, A.
100 1 _aLorenzetti, W.R.
100 1 _aZortea, T.
100 1 _aGiombelli, L.C.D.D.
100 1 _aBaretta, D.
100 1 _aSantos, R.C.V.
100 1 _aVaucher, R.A.
100 1 _aRaffin, R.P.
100 1 _aSouza, M.E.
100 1 _aStefani, L.M.
100 1 _aBoligon, A.A.
100 1 _aAthayde, M.L.
100 1 _aSilva, A.S. da
245 1 _aMelaleuca alternifolia essential oil against the lesser mealworm (Alphitobius diaperinus)and its possible effect on the soil fauna
650 _aPLANTA ESTIMULANTE
650 _aOLEO ESSENCIAL
650 _aCOMPOSIÇÃO QUIMICA
650 _aFAUNA
650 _aBIOLOGIA DO SOLO
773 0 _tBrazilian Journal of Poultry Science (Brazil)
_xISSN 1516-635X
_g(Jan-Mar 2016), v. 18(1) p. 41-46
_wBR2016002590
909 _a202311
_bLúcia
_c55
_dLúcia Elande
942 _2AGRIS
_n0
_cANA
999 _c249562
_d249562